Central Library OPAC University of Rajshahi
Normal view MARC view

Entry Personal Name

Number of records used in: 2

001 - CONTROL NUMBER

  • control field: 5407

003 - CONTROL NUMBER IDENTIFIER

  • control field: BD-RjUL

005 - DATE AND TIME OF LATEST TRANSACTION

  • control field: 20221023111248.0

008 - FIXED-LENGTH DATA ELEMENTS

  • fixed length control field: 221023|| aca||aabn | a|a d

040 ## - CATALOGING SOURCE

  • Original cataloging agency: BD-RjUL
  • Transcribing agency: BD-RjUL

100 ## - HEADING--PERSONAL NAME

  • Personal name: Pryce-Jones, Alan,
  • Dates associated with a name: 1908-2000

670 ## - SOURCE DATA FOUND

  • Source citation: Work cat.: (BD-RjUL)80592: Pryce-Jones, Alan, 1908-2000, The new outline of modern knowledge /, 1956.